| 000 | 00000nas 2200000zi 4500 |
| 001 | 9.845724 |
| 003 | CaOODSP |
| 005 | 20230907083930 |
| 006 | m o d f |
| 007 | cr cn||||||||| |
| 008 | 171018c20179999oncar p os f0 b0fre|d |
| 022 | |a2561-3510 |
| 040 | |aCaOODSP|bfre|erda|cCaOODSP |
| 043 | |an-cn--- |
| 086 | 1 |aH126-4F-PDF |
| 222 | 0|aRapport de ... sur l'exposition professionnelle aux rayonnements au Canada |
| 245 | 00|aRapport de ... sur l’exposition professionnelle aux rayonnements au Canada. |
| 264 | 1|aOttawa : |bSanté Canada, |c2017- |
| 310 | |aAnnuel |
| 336 | |atexte|btxt|2rdacontent/fre |
| 337 | |ainformatique|bc|2rdamedia/fre |
| 338 | |aressource en ligne|bcr|2rdacarrier/fre |
| 362 | 0 |aParaît depuis 2017. |
| 500 | |aPublié aussi en anglais sous le titre : Report on occupational radiation exposures in Canada. |
| 500 | |aÀ partir du rapport 2008-2018, les numéros sont classés par date de publication et non par date de couverture. |
| 550 | |aPublié par le Bureau de la radioprotection, Direction des sciences de la santé environnementale et de la radioprotection, Direction générale de la santé environnementale et de la sécurité des consommateurs. |
| 650 | 6|aTravailleurs exposés aux rayonnements|xMaladies|zCanada|vStatistiques|vPériodiques. |
| 650 | 6|aRayonnement|xDosage|vStatistiques|vPériodiques. |
| 651 | 6|aCanada. |
| 655 | 7|aStatistiques|2rvmgf |
| 655 | 7|aPériodiques|2rvmgf |
| 710 | 1 |aCanada. |bSanté Canada, |eorganisme de publication. |
| 775 | 08|tReport on occupational radiation exposures in Canada.|w(CaOODSP)9.506794 |
| 780 | 00|tRapport de ... sur les radioexpositions professionnelles au Canada |w(CaOODSP)9.503189 |